LEADER 01321nam 2200409 450 001 9910466511503321 005 20200109111424.0 010 $a1-60650-555-6 035 $a(CKB)3840000000340219 035 $a(MiAaPQ)EBC5240824 035 $a(EXLCZ)993840000000340219 100 $a20200109d2018 uy 0 101 0 $aeng 135 $aurcnu|||||||| 181 $ctxt$2rdacontent 182 $cc$2rdamedia 183 $acr$2rdacarrier 200 10$aEngineering the high tech start-up$iFundamentals and theory$hVolume I /$fCory R.A. Hallam and William Flannery 210 1$aNew York, New York :$cMomentum Press Engineering,$d[2018] 210 4$d©2018 215 $a1 online resource (138 pages) $cillustrations 225 0 $aEngineering management collection 311 $a1-60650-554-8 320 $aIncludes bibliographical references and index. 606 $aHigh technology industries$zUnited States$xManagement 608 $aElectronic books. 615 0$aHigh technology industries$xManagement. 676 $a620.0068 700 $aHallam$b Cory R. A.$0913382 702 $aFlannery$b William 801 0$bMiAaPQ 801 1$bMiAaPQ 801 2$bMiAaPQ 906 $aBOOK 912 $a9910466511503321 996 $aEngineering the high tech start up$92046003 997 $aUNINA LEADER 01081nam a2200265 i 4500 001 991002211509707536 005 20020503162445.0 008 000505s1920 it ||| | lat 035 $ab10332078-39ule_inst 035 $aEXGIL100098$9ExL 040 $aBiblioteca Interfacoltà$bita 082 0 $a878 100 1 $aAsconius Pedianus, Quintus$0466884 245 10$aCommentarii /$crecognovit Caesar Giarratano 260 $aRoma :$bNardecchia,$c1920 300 $aXX, 109 p. ;$c25 cm 490 0 $aCollezione di testi e monumenti romani ;$v2 700 1 $aGiarratano, Cesare$eauthor$4http://id.loc.gov/vocabulary/relators/aut$05195 907 $a.b10332078$b21-02-17$c27-06-02 912 $a991002211509707536 945 $aLE007 870.1 Asconius Pedianus 1920-01$g1$i2007000185575$lle007$o-$pE0.00$q-$rl$s- $t0$u2$v0$w2$x0$y.i15121161$z03-05-10 945 $aLE002 Lat. I M 2$g1$i2002000726964$lle002$o-$pE0.00$q-$rn$so $t0$u0$v0$w0$x0$y.i10390418$z27-06-02 996 $aCommentarii$91445632 997 $aUNISALENTO 998 $ale007$ale002$b01-01-00$cm$da $e-$flat$git $h0$i2